00465nam a2200157Ia 4500100002500000650002000025942000700045366000700052245003500059260001400094082000800108300000800116546001200124999001700136952015400153 aRittinghouse/John W  aCloud computing cBK f20 aCloud computing implementation bCRCc2010 bRIT a301 aENGLISH c28574d28574 001040708CRCaCRCEb428d2023-03-17eShroff Publishersg420.00i4112 dt 20.01.2018l1o RITp25057r2026-02-25s2026-02-13v525.00w0000-00-00yBK